00683nam a22001817a 4500003000400000082001900004088000900023100002200032245008200054260006800136300000700204500008200211520008200293700001700375700001200392700002600404856007100430OSt 2631.587 JYO/PE aP 53 aJYOTHY PADMAKUMAR aPerformance study of centrifugal pump using different foot - valves and pipes aTavanur 1996bDepartment of Irrigation and Drainage Engineering a85 aPerformance study of centrifugal pump using different foot - valves and pipes aPerformance study of centrifugal pump using different foot - valves and pipes aKailas K. P  aLitha S aEr. Suseela P (Guide) uhttps://drive.google.com/open?id=1vT2I_cqJiitWtogSZxsk_PItuRmlEOlB